00210nam a22000857a 4500040000700000082000800007100001600015245006700031260002600098 cSK a512 aLENG BUNHOR aMatrices determinats linear programming statistical techniques aPhnom PenhbLENc2006